Kid Icarus: Uprising Quote Quiz - Statistics

General Stats
  • This quiz has been taken 69 times
  • The average score is 13 of 25
Answer Stats
Quote Character % Correct
"What better way to celebrate my return than with a festive little bloodbath?" Medusa
88%
"Step three: Remove pants!" Pit
73%
"Don't ask me, I've been a ring." Pit
68%
"Farewell cry!" Thanatos
68%
"It's hard to believe. But you actually got me, Pit. The nerve of you..." Hades
65%
"So your mind is here, but your body is over there destroying stuff. Isn't that convenient? Tell that to all the people your body just killed." Magnus
65%
"We may not have the best dental plan, but justice is on our side!" Palutena
65%
“Aw, Palutena's little messenger boy. And Magnus, it's always a pleasure!” Dark Lord Gaol
63%
"How's this for starters? You've become the enemy of all mankind." Magnus
63%
"I'm pulling the Aurum strings now!" Pyrrhon
63%
"Pandora may be gone but her powers live on in Dark Pit." Medusa
60%
"Finishing Blow!" Phosphora
58%
“I wouldn't allow anyone else to part my ocean! In fact, I've half a mind to put it back together!” Poseidon
55%
"If it weren't for that explosion I never would have found you." Dark Pit
50%
"Just relax and enjoy the ride. Wherever you end up, I'm sure you'll be dead." Hades
50%
"I'm far too busy defending, my dear." Arlon
48%
"This is the only way things can end for an old warrior. I have no regrets. I'm trusting you with Phos and Lux. And the future of this realm." Chariot Master
45%
"Hard work and determination." Pandora
45%
"At least I'm doing something, Pit. You'e such a slacker..." Pit
45%
"Gods are above living things, which doesn't necessarily mean we care about them." Hades
43%
"Palutena, you'd be wise to put a muzzle on your chicken." Dyntos
38%
"Tsk, tsk, Palutena. Lies don't become a lady." Poseidon
35%
"Brains AND brawn. He's the whole package!" Phosphora
30%
"Angel! It's the lord of the Underworld you oppose, yes?" Dark Lord Gaol
28%
"But I just want to cuddle you...to death." Purple Head
8%
No matching quizzes found
Score Distribution
Percent of People with Each Score
Percentile by Number Answered
Your Score History
You have not taken this quiz